000
00390nam a22001097a 4500
082
_a
160
100
_a
झा,सुशीन
_9
79437
245
_a
सामान्य बुद्धि एवं तर्कशक्ति परीक्षण
260
_a
नई दिल्ली
_b
Guider Competitive Group
_c
2020
650
_a
तर्कशक्ति
_9
73188
942
_c
HIN
999
_c
63037
_d
63037